000 00493nam a2200145 i 4500
001 63297
003 ES-MaACL
007 t|
008 031209s1984 sp ||||1| spa d
100 1 _aFernández Tresguerres, José Luis.
_950121
245 1 0 _aPsicología general II /
_cJosé Luis Fernández Trespalacios.
260 _a[Madrid] :
_bUniversidad Nacional de Educación a Distancia. Departamento de Psicología,
_c[1984]
300 _a2 v. ;
_c24 cm.
852 _aES-MaACL
_jL-7602-3
_bR.107853
999 _c63297
_d63297